000 00890nam a2200265 a 4500
001 000021003
005 20200930011217.0
008 100828s1988 mx a 000 0 spa d
020 _a9683801765
040 _aDO-SdBNP
_bspa
_cBNPHU
082 _a972.018
_bB222a, 1988
100 1 _aBaquedano, Elizabeth.
_943956
245 1 4 _aLos aztecas :
_bhistoria, arte, arqueología y religión /
_cElizabeth Baqueado.
250 _a2a ed.
260 _aMéxico :
_bPanorama Editorial,
_c1988.
300 _a178 p. :
_bil. ;
_c18 cm.
490 1 _aPanorama
504 _aIncluye referencias bibliográficas (p. 177-178).
590 _aPerteneció a la biblioteca personal de Juan Isidro Jimenes Grullón
650 4 _aAztecas
_xHistoria
_943957
650 4 _aAztecas
_xCivilización
_943958
650 4 _aAztecas
_xVida social y costumbres
_943959
830 0 _aPanorama
_920255
049 _aBNGR
999 _c20506
_d20506